000
00320nam a22001457a 4500
008
221124b ||||| |||| 00| 0 eng d
020
_a
9781259465581
041
_a
eng
080
_2
SIXTH EDITION
_a
316
082
_a
316SCH
100
_a
24.2
101
_a
SOCI
245
_a
SOCIOLOGY
_c
SCHAEFER
942
_2
udc
_c
BK
999
_c
59033
_d
59033